书目信息 |
| 题名: |
中国邮发报刊大全
|
|
| 作者: | 胡德荣 , 胡德仁 编 | |
| 分册: | 1985 | |
| 出版信息: | 北京 人民邮电出版社 1985 |
|
| 页数: | 697页 | |
| 开本: | 26cm | |
| 丛书名: | ||
| 单 册: | ||
| 中图分类: | G215-6 | |
| 科图分类: | ||
| 主题词: | 新闻学 , 新闻工作 | |
| 电子资源: | ||
| ISBN: | ||
| 000 | 00610nam0 2200217 450 | |
| 001 | 0633818250 | |
| 005 | 20061031092604.90 | |
| 010 | @dCNY7.50 | |
| 100 | @a20061031d1985 km y0chiy0120 ea | |
| 101 | 0 | @achi |
| 102 | @aCN@b110000 | |
| 200 | 1 | @a中国邮发报刊大全@Azhong guo you fa bao kan da quan@h1985@f胡德荣,胡德仁编@Fhu de rong,hu de ren bian |
| 210 | @a北京@c人民邮电出版社@d1985 | |
| 215 | @a697页@d26cm | |
| 606 | 0 | @a新闻学 |
| 606 | 0 | @a新闻工作 |
| 690 | @aG215-6@v3 | |
| 701 | 0 | @a胡德荣@Ahu de rong@4编 |
| 701 | 0 | @a胡德仁@Ahu de ren@4编 |
| 801 | 0 | @aCN@bPFT@c20061031 |
| 905 | @a10447@dG215-6@e55 | |
| 中国邮发报刊大全.1985/胡德荣,胡德仁编.-北京:人民邮电出版社,1985 |
| 697页;26cm |
| ISBN :CNY7.50 |
| ● |
| 相关链接 |
|
|
|
|
正题名:中国邮发报刊大全
索取号:G215-6/55
 
预约/预借
| 序号 | 登录号 | 条形码 | 馆藏地/架位号 | 状态 | 备注 |
| 1 | 0157228 | 000494575 | 第一样本阅览室/ [索取号:G215-6/55] | 在馆 |